000 00552nam a22001577a 4500
003 OSt
005 20240529120928.0
008 240522b ||||| |||| 00| 0 eng d
040 _cAIMIT LIBRARY
100 _aLobo, Belicia Rebecca.
_e2016033
_9166737
245 _aFinancial Statement analysis of ITC limited with reference to takshashila consulting,Noida /
_cBy Belicia Rebecca Lobo ; Guided by Rajni Suresh.
260 _bMangalore ,
_c2022.
650 _aFinancial Statement
_9168389
700 _aSuresh, Rajani.
_eGuide
_9166738
942 _2ddc
_cPRO
999 _c230862
_d230862